LEADER 01865nam 2200385 n 450 001 996392824503316 005 20200824121851.0 035 $a(CKB)4940000000112891 035 $a(EEBO)2240943319 035 $a(UnM)99873165e 035 $a(UnM)99873165 035 $a(EXLCZ)994940000000112891 100 $a19850529d1644 uy | 101 0 $aeng 135 $aurbn||||a|bb| 200 14$aThe saints thankfull acclamation at Christs resumption of his great power and the initials of his kingdome$b[electronic resource] $eDelivered in a sermon at Westminster, before the Honourable House of Commons, upon the day of their solemne thanksgiving unto God, for the great victory given our armie, under the command of the noble Lord Fairfax, at Selby in Yorke-shire and to other the Parliaments forces in Pembrock-shire, April 23d, 1644. By Joseph Caryl preacher to the Honourable Society of Lincolnes-Inne 210 $aLondon $cPrinted by G.M. for Giles Calvert at the signe of the black-spread-Eagle neare the west end of Pauls$d1644 215 $a[6], 50 p 300 $aRunning title reads: A sermon preached at the late thanksgiving before the Honourable House of Commons 300 $aAnnotation on Thomason copy: "May 28". 300 $aReproduction of the original in the British Library. 330 $aeebo-0018 606 $aSermons, English$y17th century 607 $aGreat Britain$xHistory$yCivil War, 1642-1649$vSermons$vEarly works to 1800 615 0$aSermons, English 700 $aCaryl$b Joseph$f1602-1673.$01003625 801 0$bCu-RivES 801 1$bCu-RivES 801 2$bCStRLIN 801 2$bCu-RivES 801 2$bWaOLN 906 $aBOOK 912 $a996392824503316 996 $aThe saints thankfull acclamation at Christs resumption of his great power and the initials of his kingdome$92375225 997 $aUNISA